Coyotes

Bibliographic Details
Main Author: Willis, John
Format: Book
Published: New York : AV2 by Weigl , 2017
Series:Little backyard animals
Subjects:

MARC

LEADER 00000cam a2200000 7i4500
001 0000213752
005 20181011.0
020 |a 9781489647450 
090 0 0 |a 599.7725   |b WIL 
100 1 |a Willis, John 
245 1 0 |a Coyotes   |c John Willis 
260 |a New York :   |b AV2 by Weigl ,   |c 2017 
300 |a 24 p. :   |b ill. ;   |c 23 cm. 
490 0 |a Little backyard animals 
650 0 |a Coyote   |v Juvenile literature 
999 |a 00353766   |b BUKU   |c JUNIOR BOOKS   |e PERPUSTAKAAN KOMUNITI PETALING JAYA 
999 |a 00360993   |b BUKU   |c JUNIOR BOOKS   |e PERPUSTAKAAN KOMUNITI CAW BANDAR UTAMA